00616nam a2200169 a 450000100100000000500170001000800410002702000160006804000250008408200150010924501090012426000290023330000210026270000330028395201130031699900170042900003716520200930080201.0120220s2001 sp 000 0 spa d a84277139008 aDO-SdBNPbspacBNPHU axxxxbE59c00aEnseñanza de las ciencias desde la perspectiva ciencia-tecnología-sociedad. /cPedro Membiela (ed.). aMadrid :bNarcea,c2001. a231 p. ;c25 cm.1 aMembiela, Pedro,eed.963574 001050718MOaGRbGRcCTd2012-02-20iLF1l0oxxxx E59cp37165-10r2020-06-25w2020-06-25y1ZNo se presta c36655d36655